Annals of the artists of Spain (Record no. 7156)

MARC details
000 -CABECERA
campo de control de longitud fija 00880nam a2200253 a 4500
001 - NÚMERO DE CONTROL
campo de control BRCA_7481
005 - FECHA Y HORA DE LA ÚLTIMA TRANSACCIÓN
campo de control 20190320205843.0
008 - DATOS DE LONGITUD FIJA--INFORMACIÓN GENERAL
campo de control de longitud fija 250413s1848----enkac#####---#000-0#eng-#
041 ## - CÓDIGO DE LENGUA
Código de lengua del texto/banda sonora o título independiente eng
044 ## - CÓDIGO DEL PAÍS DE LA ENTIDAD EDITORA/PRODUCTORA
Código MARC del país enk
050 #4 - SIGNATURA TOPOGRÁFICA DE LA BIBLIOTECA DEL CONGRESO
Número de clasificación N7112
Número de documento/Ítem .S75 1848
100 1# - ENTRADA PRINCIPAL--NOMBRE DE PERSONA
Nombre de persona Stirling, William
9 (RLIN) 18415
245 10 - MENCIÓN DE TÍTULO
Título Annals of the artists of Spain
Mención de responsabilidad, etc. by William Stirling.
260 ## - PUBLICACIÓN, DISTRIBUCIÓN, ETC.
Lugar de publicación, distribución, etc. Londres
Nombre del editor, distribuidor, etc. J. Ollivier
Fecha de publicación, distribución, etc. 1848
300 ## - DESCRIPCIÓN FÍSICA
Extensión 3 v.
Otras características físicas il., láminas, retratos
Dimensiones 23 cm.
500 ## - NOTA GENERAL
Nota general Edición de cantos dorados
500 ## - NOTA GENERAL
Nota general R4
505 0# - NOTA DE CONTENIDO CON FORMATO
Nota de contenido con formato v.1 Chapter I: Introduction to Chapter VII: Reign of Philip III.-- v.2 Chapter VIII: Reign of Philip IV to Chapter XII: Reign of Philip IV.-- v.3 Chapter XIII: Riegn of Charles II 1665-1700
650 14 - PUNTO DE ACCESO ADICIONAL DE MATERIA--TÉRMINO DE MATERIA
Término de materia o nombre geográfico como elemento de entrada Arte
Subdivisión general Historia
Subdivisión geográfica España
9 (RLIN) 18416
650 14 - PUNTO DE ACCESO ADICIONAL DE MATERIA--TÉRMINO DE MATERIA
Término de materia o nombre geográfico como elemento de entrada Artistas españoles
9 (RLIN) 18417
650 14 - PUNTO DE ACCESO ADICIONAL DE MATERIA--TÉRMINO DE MATERIA
Término de materia o nombre geográfico como elemento de entrada Marcas de artistas
9 (RLIN) 15083
902 ## - CATALOGADOR
Iniciales GFM
942 ## - ELEMENTOS DE PUNTO DE ACCESO ADICIONAL (KOHA)
Fuente del sistema de clasificación o colocación Library of Congress Classification
Tipo de ítem Koha Libros
Holdings
Estado de retiro Estado de pérdida Estado dañado No para préstamo Localización permanente Ubicación/localización actual Fecha de adquisición Número de inventario Total de préstamos Signatura topográfica completa Código de barras Fecha visto por última vez Precio válido a partir de Tipo de ítem Koha
El ejemplar forma parte de la colección y puede ser consultado según las políticas vigentes.       Biblioteca del Museo Franz Mayer (Rogerio Casas-Alatriste) Biblioteca del Museo Franz Mayer (Rogerio Casas-Alatriste) 25/04/2013 R4   N7112 .S75 1848 (R4) 8085 22/03/2019 22/03/2019 Libros